00713nam a22002057a 450000500170000001000130001702000230003003500130005303700170006604000120008308200130009510000210010824502180012925000110034726000510035827000410040930000260045065000120047665000190048820170124105933.0 aA-858954 c180.00a8186651195 aA-858954 bCen Lib/ Ret aDPLbEN a954bPAT aPattanaik, Mira  aDGP complete course to Indain histiory :cby Mira Pattanaikbfor central civil services ( preliminary examiation), state civil services examination, profesional & entrance examination ov various board/university / a4th ed aNew DelhibDhillon Group of Publicationsc1999 aE-12 Nehru Place bNew Delhie110019 aviii, 288p.c23cm(Hb) aHistory aIndian History